[Event "Quebec Elite qual."]
[Site "Gatineau CAN"]
[Date "2013.02.05"]
[Round "4"]
[White "Choiniere, Rene"]
[Black "Legare, Gilles"]
[Result "1-0"]
[WhiteElo "1589"]
[BlackElo "1065"]
[PlyCount "89"]
[GameId "2160767909382074"]
[EventDate "2013.01.15"]
[EventType "swiss"]
[EventRounds "5"]
[EventCountry "CAN"]
[SourceTitle "EXT 2022"]
[Source "ChessBase"]
[SourceDate "2021.10.06"]
[SourceVersion "1"]
[SourceVersionDate "2021.10.06"]
[SourceQuality "1"]

1. e4 e6 2. d4 d6 3. Nf3 Nd7 4. Bd3 c5 5. c3 a5 6. O-O b6 7. Bf4 Be7 8. Na3 Ba6 9. Bxa6 Rxa6 10. Nb5 Ngf6 11. Qe2 Qc8 12. Bxd6 c4 13. e5 Nd5 14. Bxe7 Kxe7 15. Nd6 Qc6 16. Nxc4 Nf4 17. Qd2 g5 18. Nd6 Nf8 19. d5 exd5 20. Nd4 Qd7 21. N4f5+ Kd8 22. g3 Nh3+ 23. Kg2 g4 24. Qxd5 Kc7 25. Qxf7 Ne6 26. Qxd7+ Kxd7 27. f4 h5 28. Rad1 Kc6 29. Nd4+ Kd7 30. Nxe6 h4 31. Nf7+ Kxe6 32. Nxh8 Kf5 33. Nf7 Ke4 34. Rd4+ Kf5 35. Nd6+ Ke6 36. Ne4 hxg3 37. hxg3 b5 38. Rfd1 Kf5 39. Nf2 b4 40. c4 Rc6 41. b3 Rh6 42. Nxh3 gxh3+ 43. Kh2 Kg4 44. Rd6 Kf3 45. Rxh6 1-0

[Event "Quebec Elite qual."]
[Site "Gatineau CAN"]
[Date "2013.02.05"]
[Round "4"]
[White "Gagnon, Fabien"]
[Black "Dagenais, Benoit"]
[Result "1/2-1/2"]
[WhiteElo "1925"]
[BlackElo "1738"]
[PlyCount "148"]
[GameId "2160767909382075"]
[EventDate "2013.01.15"]
[EventType "swiss"]
[EventRounds "5"]
[EventCountry "CAN"]
[SourceTitle "EXT 2022"]
[Source "ChessBase"]
[SourceDate "2021.10.06"]
[SourceVersion "1"]
[SourceVersionDate "2021.10.06"]
[SourceQuality "1"]

1. Nf3 g6 2. e4 Nf6 3. Nc3 d6 4. d4 Bg7 5. h3 Nbd7 6. Be3 O-O 7. e5 Ne8 8. Bc4 c6 9. e6 fxe6 10. Ng5 Nb6 11. Bxe6+ Bxe6 12. Nxe6 Qd7 13. Nxf8 Kxf8 14. Qg4 Qc7 15. Qe6 Nf6 16. O-O d5 17. b3 Nh5 18. Ne2 Rd8 19. Bg5 Rd6 20. Qe3 Qd7 21. Nf4 Nxf4 22. Qxf4+ Qf5 23. Rae1 Bf6 24. Qxf5 gxf5 25. Bxf6 Rxf6 26. Re2 Kf7 27. Rfe1 e6 28. Rc1 Ke7 29. c4 Kd7 30. Re3 Rg6 31. Kh2 Ke7 32. Rg3 Kf6 33. Rxg6+ hxg6 34. Kg3 Nc8 35. cxd5 exd5 36. h4 Nd6 37. f3 Ne8 38. Kf4 Ng7 39. b4 Ne6+ 40. Ke3 a6 41. Rh1 f4+ 42. Kd3 Ng7 43. Re1 Nf5 44. Re8 Nxh4 45. Rb8 Nxg2 46. Rxb7 Ne1+ 47. Ke2 Nc2 48. Rb6 Nxd4+ 49. Kf2 Ke5 50. Rxa6 Kd6 51. Ra7 Nc2 52. Rb7 Na3 53. Rg7 Nc2 54. Rb7 Na3 55. Ra7 Nc2 56. a3 Ke6 57. Ra6 Kd6 58. b5 Nd4 59. a4 Kc7 60. bxc6 Nxc6 61. Ra8 Kb6 62. Rf8 g5 63. Rf5 Nb4 64. Rxg5 Ka5 65. Rf5 Kxa4 66. Rxf4 Kb3 67. Ke2 Kc3 68. Rf8 Kd4 69. Re8 Nd3 70. Kd2 Nf4 71. Rf8 Ne6 72. Rf5 Nc5 73. Rh5 Ne6 74. Rf5 Nc5 1/2-1/2

[Event "Quebec Elite qual."]
[Site "Gatineau CAN"]
[Date "2013.02.05"]
[Round "4"]
[White "Lemieux, Denis"]
[Black "Groleau, Gilles"]
[Result "1/2-1/2"]
[WhiteElo "1522"]
[BlackElo "1918"]
[PlyCount "89"]
[GameId "2160767909382076"]
[EventDate "2013.01.15"]
[EventType "swiss"]
[EventRounds "5"]
[EventCountry "CAN"]
[SourceTitle "EXT 2022"]
[Source "ChessBase"]
[SourceDate "2021.10.06"]
[SourceVersion "1"]
[SourceVersionDate "2021.10.06"]
[SourceQuality "1"]

1. d4 Nf6 2. c4 e6 3. Nc3 Bb4 4. a3 Bxc3+ 5. bxc3 O-O 6. Bg5 h6 7. Bh4 d6 8. f3 Nbd7 9. e4 c5 10. Bd3 e5 11. d5 Re8 12. Ne2 Nf8 13. Qd2 Ng6 14. Bxf6 Qxf6 15. O-O Nf4 16. Nxf4 exf4 17. Rf2 Re5 18. Kf1 Rg5 19. Ke1 Qe5 20. Kd1 Bd7 21. a4 a5 22. Qb2 Rb8 23. Kd2 b6 24. Qa2 Rh5 25. h3 Rg5 26. Kc2 Rg3 27. Kb3 h5 28. Qd2 h4 29. Bc2 g5 30. Rb1 Kg7 31. Re1 f6 32. Ka3 Bc8 33. Bd3 Ba6 34. Rb1 Bc8 35. Qc2 Bd7 36. Rb2 Be8 37. Rf1 Qe7 38. Rfb1 Qc7 39. Bf1 Bd7 40. Qf2 Kh6 41. Bd3 Be8 42. Re1 Qd7 43. Rb5 Qc7 44. Rb2 Qd7 45. Rb5 1/2-1/2

[Event "Quebec Elite qual."]
[Site "Gatineau CAN"]
[Date "2013.02.05"]
[Round "4"]
[White "Potvin, Daniel"]
[Black "Jobin, Gilles G"]
[Result "0-1"]
[WhiteElo "1676"]
[BlackElo "1762"]
[PlyCount "66"]
[GameId "2160767909382078"]
[EventDate "2013.01.15"]
[EventType "swiss"]
[EventRounds "5"]
[EventCountry "CAN"]
[SourceTitle "EXT 2022"]
[Source "ChessBase"]
[SourceDate "2021.10.06"]
[SourceVersion "1"]
[SourceVersionDate "2021.10.06"]
[SourceQuality "1"]

1. e4 e5 2. f4 Bc5 3. Nf3 d6 4. fxe5 dxe5 5. Qe2 Qe7 6. c3 Bg4 7. d4 Bxf3 8. Qb5+ c6 9. Qxc5 Qxc5 10. dxc5 Bxe4 11. Nd2 Bd5 12. Nc4 Bxc4 13. Bxc4 Nd7 14. O-O f6 15. Be3 Ne7 16. Rad1 O-O-O 17. b4 Kc7 18. a4 a6 19. Bb3 Nb8 20. c4 Rxd1 21. Rxd1 Rd8 22. b5 Rxd1+ 23. Bxd1 Nf5 24. Bf2 Nd4 25. Kf1 Nd7 26. b6+ Kd8 27. Ke1 Nxc5 28. Kd2 Ne4+ 29. Ke1 Nxf2 30. Kxf2 Ke7 31. g4 Kd6 32. Ke3 Kc5 33. Kd3 Kxb6 0-1

[Event "Quebec Elite qual."]
[Site "Gatineau CAN"]
[Date "2013.02.05"]
[Round "4"]
[White "Raymond, Daniel"]
[Black "Danilov, Alex"]
[Result "1/2-1/2"]
[WhiteElo "1545"]
[BlackElo "1693"]
[PlyCount "105"]
[GameId "2160767909382079"]
[EventDate "2013.01.15"]
[EventType "swiss"]
[EventRounds "5"]
[EventCountry "CAN"]
[SourceTitle "EXT 2022"]
[Source "ChessBase"]
[SourceDate "2021.10.06"]
[SourceVersion "1"]
[SourceVersionDate "2021.10.06"]
[SourceQuality "1"]

1. e4 c5 2. Nf3 e6 3. d4 cxd4 4. Nxd4 Nc6 5. Be3 Qc7 6. Nc3 a6 7. a3 Nf6 8. Bd3 Ne5 9. Be2 b5 10. O-O Be7 11. f4 Nc4 12. Bxc4 Qxc4 13. Qd3 O-O 14. h3 Bb7 15. Qxc4 bxc4 16. e5 Nd5 17. Nxd5 Bxd5 18. Ne2 Rab8 19. Bd4 Be4 20. Rac1 f6 21. Ng3 Bc6 22. Rcd1 fxe5 23. fxe5 Rxf1+ 24. Nxf1 Bg5 25. Re1 Ba4 26. Re2 Bc1 27. Ne3 Bxb2 28. Bxb2 Rxb2 29. Nxc4 Rxc2 30. Rxc2 Bxc2 31. Nb6 Kf7 32. Nxd7 Bb3 33. Kf2 Ke7 34. Nc5 Bc4 35. g3 Kd8 36. Ke3 Ke7 37. a4 Kf7 38. Kd4 Bf1 39. h4 Be2 40. Kc3 h6 41. Kb4 h5 42. Ka5 Bc4 43. Nxa6 Kg6 44. Nc5 Kf5 45. Kb4 Bd5 46. a5 Kxe5 47. a6 Kd6 48. a7 Ba8 49. Na4 Ke5 50. Nb6 Bb7 51. Nd7+ Kf5 52. Nc5 Ba8 53. Kc4 1/2-1/2

[Event "Quebec Elite qual."]
[Site "Gatineau CAN"]
[Date "2013.02.05"]
[Round "4"]
[White "Scantland, Patrick"]
[Black "Desjardins, Michel"]
[Result "0-1"]
[WhiteElo "1909"]
[BlackElo "1911"]
[PlyCount "44"]
[GameId "2160767909382080"]
[EventDate "2013.01.15"]
[EventType "swiss"]
[EventRounds "5"]
[EventCountry "CAN"]
[SourceTitle "EXT 2022"]
[Source "ChessBase"]
[SourceDate "2021.10.06"]
[SourceVersion "1"]
[SourceVersionDate "2021.10.06"]
[SourceQuality "1"]

1. Nf3 d5 2. d4 Bf5 3. Bf4 e6 4. e3 Bd6 5. Bg3 Nf6 6. c4 dxc4 7. Bxc4 O-O 8. Nc3 Nbd7 9. Ne5 Nb6 10. Bb3 Bb4 11. Bh4 Nbd5 12. Bxd5 exd5 13. Rc1 Qd6 14. O-O Bxc3 15. bxc3 Qa6 16. Bxf6 gxf6 17. Ng4 Kh8 18. Qf3 Qe6 19. Nh6 Be4 20. Qg4 Rg8 21. Nxg8 Qxg4 22. Nxf6 Qxg2# 0-1

[Event "Quebec Elite qual."]
[Site "Gatineau CAN"]
[Date "2013.02.05"]
[Round "4"]
[White "Traversy, Pierre"]
[Black "Simard, Paul"]
[Result "0-1"]
[WhiteElo "1129"]
[BlackElo "1221"]
[PlyCount "70"]
[GameId "2160767909382081"]
[EventDate "2013.01.15"]
[EventType "swiss"]
[EventRounds "5"]
[EventCountry "CAN"]
[SourceTitle "EXT 2022"]
[Source "ChessBase"]
[SourceDate "2021.10.06"]
[SourceVersion "1"]
[SourceVersionDate "2021.10.06"]
[SourceQuality "1"]

1. e4 e5 2. Nc3 Nf6 3. Nf3 Nc6 4. d4 exd4 5. Nxd4 Nxd4 6. Qxd4 c5 7. Qd1 d6 8. Bg5 Be7 9. Bd3 O-O 10. Qd2 h6 11. Be3 Ng4 12. h3 Nxe3 13. Qxe3 a6 14. Nd5 Re8 15. Nf4 Bg5 16. Qf3 b5 17. c3 c4 18. Bc2 Bb7 19. O-O Qd7 20. Rfe1 Re5 21. Nd5 Rae8 22. Re2 Bxd5 23. Rae1 Bb7 24. Kf1 R8e6 25. Qg4 Qd8 26. f4 Rf6 27. f5 d5 28. Rd1 Qb6 29. Rd4 dxe4 30. Bxe4 Bxe4 31. Rexe4 Rexf5+ 32. Kg1 Be3+ 33. Kh2 Bxd4 34. Re5 Bxe5+ 35. g3 Qf2+ 0-1

[Event "Quebec Elite qual."]
[Site "Gatineau CAN"]
[Date "2013.02.12"]
[Round "5"]
[White "Berthiaume, Serge"]
[Black "Potvin, Daniel"]
[Result "1-0"]
[WhiteElo "1424"]
[BlackElo "1676"]
[PlyCount "91"]
[GameId "2160767909382082"]
[EventDate "2013.01.15"]
[EventType "swiss"]
[EventRounds "5"]
[EventCountry "CAN"]
[SourceTitle "EXT 2022"]
[Source "ChessBase"]
[SourceDate "2021.10.06"]
[SourceVersion "1"]
[SourceVersionDate "2021.10.06"]
[SourceQuality "1"]

1. d4 g6 2. Nf3 Bg7 3. Bf4 d6 4. Nc3 c5 5. dxc5 Bxc3+ 6. bxc3 Qa5 7. cxd6 Qxc3+ 8. Bd2 Qf6 9. dxe7 Nxe7 10. g3 O-O 11. Bg2 Nbc6 12. O-O Bg4 13. h3 Bxf3 14. Bxf3 Rad8 15. Qc1 Nd4 16. Re1 Qe6 17. Bg4 f5 18. Bf3 Nec6 19. Be3 Nxf3+ 20. exf3 Rfe8 21. Qb2 Ne5 22. Kg2 Qc6 23. Qb3+ Re6 24. Bf4 Nc4 25. Rxe6 Qxe6 26. Qxb7 Qf6 27. Re1 g5 28. Bc7 Qf7 29. Qxa7 g4 30. Bxd8 gxf3+ 31. Kxf3 Qxa7 32. Re8+ Kf7 33. Re7+ Qxe7 34. Bxe7 Kxe7 35. Kf4 Kf6 36. g4 fxg4 37. hxg4 h6 38. f3 Na3 39. c3 Nc4 40. a4 Na5 41. Ke4 Nc4 42. f4 Nd6+ 43. Kd5 Ke7 44. a5 Kd7 45. a6 Kc7 46. a7 1-0

[Event "Quebec Elite qual."]
[Site "Gatineau CAN"]
[Date "2013.02.12"]
[Round "5"]
[White "Choiniere, Rene"]
[Black "Traversy, Pierre"]
[Result "1/2-1/2"]
[WhiteElo "1589"]
[BlackElo "1129"]
[PlyCount "66"]
[GameId "2160767909382083"]
[EventDate "2013.01.15"]
[EventType "swiss"]
[EventRounds "5"]
[EventCountry "CAN"]
[SourceTitle "EXT 2022"]
[Source "ChessBase"]
[SourceDate "2021.10.06"]
[SourceVersion "1"]
[SourceVersionDate "2021.10.06"]
[SourceQuality "1"]

1. e4 c5 2. c3 e5 3. Nf3 Nf6 4. d3 Nc6 5. Be2 Be7 6. O-O d5 7. exd5 Qxd5 8. Nbd2 Qd8 9. Ne4 Nxe4 10. dxe4 Be6 11. Bb5 Bg4 12. Be3 Qxd1 13. Raxd1 Bxf3 14. gxf3 Rc8 15. Rd5 O-O 16. Bxc6 Rxc6 17. Rd7 Bh4 18. Rfd1 b6 19. Rxa7 h5 20. Rdd7 Rf6 21. Rab7 Rxf3 22. Rxb6 Ra8 23. Kg2 Rf6 24. Rxf6 Bxf6 25. Bxc5 Rxa2 26. Ba3 Ra1 27. c4 Re1 28. Kf3 g5 29. h3 g4+ 30. hxg4 hxg4+ 31. Kxg4 Rxe4+ 32. Kf3 Rxc4 33. Ke2 Rc6 1/2-1/2

[Event "Quebec Elite qual."]
[Site "Gatineau CAN"]
[Date "2013.02.12"]
[Round "5"]
[White "Dagenais, Benoit"]
[Black "Piche, Guy"]
[Result "0-1"]
[WhiteElo "1738"]
[BlackElo "1543"]
[PlyCount "44"]
[GameId "2160767909382084"]
[EventDate "2013.01.15"]
[EventType "swiss"]
[EventRounds "5"]
[EventCountry "CAN"]
[SourceTitle "EXT 2022"]
[Source "ChessBase"]
[SourceDate "2021.10.06"]
[SourceVersion "1"]
[SourceVersionDate "2021.10.06"]
[SourceQuality "1"]

1. e4 d6 2. d4 Nf6 3. Bc4 Nbd7 4. f4 e5 5. Nf3 Nb6 6. Bxf7+ Kxf7 7. Ng5+ Ke8 8. dxe5 h6 9. exf6 hxg5 10. fxg5 Be6 11. Qd4 gxf6 12. O-O Nd7 13. gxf6 Kf7 14. Bg5 Bh6 15. h4 Bxg5 16. hxg5 Qg8 17. Qc3 Qxg5 18. Qxc7 Qe3+ 19. Rf2 Qe1+ 20. Rf1 Rh1+ 21. Kxh1 Qxf1+ 22. Kh2 Qf2 0-1

[Event "Quebec Elite qual."]
[Site "Gatineau CAN"]
[Date "2013.02.12"]
[Round "5"]
[White "Danilov, Alex"]
[Black "Arsenault, Yves"]
[Result "0-1"]
[WhiteElo "1693"]
[BlackElo "1545"]
[PlyCount "86"]
[GameId "2160767909382085"]
[EventDate "2013.01.15"]
[EventType "swiss"]
[EventRounds "5"]
[EventCountry "CAN"]
[SourceTitle "EXT 2022"]
[Source "ChessBase"]
[SourceDate "2021.10.06"]
[SourceVersion "1"]
[SourceVersionDate "2021.10.06"]
[SourceQuality "1"]

1. e4 c5 2. Nf3 Nc6 3. d4 cxd4 4. Nxd4 Nf6 5. Nc3 e6 6. Be3 Bb4 7. f3 O-O 8. Qd2 d5 9. Nxc6 bxc6 10. e5 Nd7 11. a3 Be7 12. f4 a6 13. b4 Bb7 14. Na4 Rc8 15. Qf2 f6 16. exf6 Bxf6 17. O-O-O e5 18. Bc5 Rf7 19. g3 exf4 20. Bd3 fxg3 21. Qxg3 Bg5+ 22. Kb1 Bf4 23. Qh3 g6 24. Bd4 Ne5 25. Be2 Rb8 26. Qc3 Qe7 27. Rde1 Re8 28. Nc5 Qg5 29. Rhg1 Qh6 30. Nb3 Qxh2 31. Bd3 Rfe7 32. Bc5 Re6 33. Rh1 Nxd3 34. cxd3 Rxe1+ 35. Rxe1 Rxe1+ 36. Qxe1 Be5 37. d4 Bc8 38. dxe5 Bf5+ 39. Ka1 Qh3 40. Be3 Qh2 41. Qc3 Qh1+ 42. Nc1 Qe4 43. Qb2 Qxe3 0-1

[Event "Quebec Elite qual."]
[Site "Gatineau CAN"]
[Date "2013.02.12"]
[Round "5"]
[White "Desjardins, Michel"]
[Black "Groleau, Gilles"]
[Result "1/2-1/2"]
[WhiteElo "1911"]
[BlackElo "1918"]
[PlyCount "69"]
[GameId "2160767909382086"]
[EventDate "2013.01.15"]
[EventType "swiss"]
[EventRounds "5"]
[EventCountry "CAN"]
[SourceTitle "EXT 2022"]
[Source "ChessBase"]
[SourceDate "2021.10.06"]
[SourceVersion "1"]
[SourceVersionDate "2021.10.06"]
[SourceQuality "1"]

1. e4 c5 2. Nc3 e6 3. Nge2 Nc6 4. g3 g6 5. Bg2 Bg7 6. d3 Nge7 7. Be3 d6 8. Qd2 Nd4 9. O-O O-O 10. Nd1 Rb8 11. Nc1 b5 12. c3 Ndc6 13. Bh6 Bd7 14. Bxg7 Kxg7 15. Ne3 f5 16. f4 a5 17. a3 Qc7 18. Ne2 Rbd8 19. exf5 Nxf5 20. Nxf5+ exf5 21. d4 Ne7 22. Rfe1 Rfe8 23. Rad1 Be6 24. d5 Bf7 25. Kh1 Ng8 26. Ng1 Rxe1 27. Rxe1 Re8 28. Rxe8 Bxe8 29. b4 axb4 30. axb4 Nf6 31. Nh3 h6 32. Nf2 Bf7 33. Nd1 cxb4 34. cxb4 Qe7 35. Ne3 1/2-1/2

[Event "Quebec Elite qual."]
[Site "Gatineau CAN"]
[Date "2013.02.12"]
[Round "5"]
[White "Jiang, Qizhe"]
[Black "Simard, Paul"]
[Result "1-0"]
[WhiteElo "1470"]
[BlackElo "1221"]
[PlyCount "71"]
[GameId "2160767909382087"]
[EventDate "2013.01.15"]
[EventType "swiss"]
[EventRounds "5"]
[EventCountry "CAN"]
[SourceTitle "EXT 2022"]
[Source "ChessBase"]
[SourceDate "2021.10.06"]
[SourceVersion "1"]
[SourceVersionDate "2021.10.06"]
[SourceQuality "1"]

1. e4 e5 2. Nf3 Nc6 3. Bc4 Nf6 4. Ng5 d5 5. exd5 Nxd5 6. Qf3 Be6 7. Nc3 Nf4 8. Nxe6 Nxe6 9. Bxe6 fxe6 10. O-O Qd7 11. Qe4 O-O-O 12. Ne2 Bc5 13. c3 h6 14. b4 Bb6 15. Rd1 Rhf8 16. Rf1 a6 17. a4 Ne7 18. Qxe5 Nf5 19. Ng3 Nh4 20. d4 Rf6 21. Qh5 Nf5 22. Nxf5 Rxf5 23. Qe2 Rff8 24. Be3 Qd5 25. a5 Ba7 26. c4 Qd7 27. Rfd1 Qe7 28. b5 axb5 29. cxb5 b6 30. axb6 Bxb6 31. Ra8+ Kb7 32. Rxd8 Rxd8 33. Qc4 Rd5 34. Qc6+ Kb8 35. Ra1 Ba7 36. Qa6 1-0

[Event "Quebec Elite qual."]
[Site "Gatineau CAN"]
[Date "2013.02.12"]
[Round "5"]
[White "Jobin, Gilles G"]
[Black "Guimond, Michel"]
[Result "0-1"]
[WhiteElo "1762"]
[BlackElo "1930"]
[PlyCount "56"]
[GameId "2160767909382088"]
[EventDate "2013.01.15"]
[EventType "swiss"]
[EventRounds "5"]
[EventCountry "CAN"]
[SourceTitle "EXT 2022"]
[Source "ChessBase"]
[SourceDate "2021.10.06"]
[SourceVersion "1"]
[SourceVersionDate "2021.10.06"]
[SourceQuality "1"]

1. Nf3 d6 2. d4 g6 3. e4 Bg7 4. Nc3 c6 5. Be3 b5 6. a3 Qa5 7. Qd2 Nf6 8. b4 Qc7 9. Bh6 Bxh6 10. Qxh6 a5 11. Qc1 Qa7 12. Rb1 axb4 13. axb4 Bg4 14. Qe3 Bxf3 15. gxf3 O-O 16. d5 cxd5 17. Qxa7 Rxa7 18. Nxb5 Ra2 19. Bd3 Nc6 20. Nc3 Ra3 21. exd5 Ne5 22. Nb5 Nxd3+ 23. Kd2 Ra2 24. Kxd3 Nxd5 25. Nd4 Rc8 26. c4 Nf4+ 27. Ke3 e5 28. Nb5 Re2# 0-1

[Event "Quebec Elite qual."]
[Site "Gatineau CAN"]
[Date "2013.02.12"]
[Round "5"]
[White "Labelle, Julien Sylvain"]
[Black "Kouassi, Karen"]
[Result "0-1"]
[WhiteElo "1055"]
[BlackElo "1181"]
[PlyCount "48"]
[GameId "2160767909382089"]
[EventDate "2013.01.15"]
[EventType "swiss"]
[EventRounds "5"]
[EventCountry "CAN"]
[SourceTitle "EXT 2022"]
[Source "ChessBase"]
[SourceDate "2021.10.06"]
[SourceVersion "1"]
[SourceVersionDate "2021.10.06"]
[SourceQuality "1"]

1. e4 e5 2. Nf3 Nc6 3. Nc3 Bc5 4. Bc4 d6 5. O-O h6 6. d3 b6 7. Ng5 hxg5 8. Nd5 Bb7 9. b4 Bxb4 10. Nxb4 Nxb4 11. a3 Nc6 12. Qf3 f6 13. Qf5 Nd4 14. Bb5+ c6 15. Qg6+ Kf8 16. Bc4 d5 17. exd5 Ne7 18. Qe4 cxd5 19. Qe3 Nxc2 20. Qd2 Nxa1 21. Bb2 dxc4 22. Rxa1 g4 23. Qb4 Qd5 24. Rd1 Qxg2# 0-1

[Event "Quebec Elite qual."]
[Site "Gatineau CAN"]
[Date "2013.02.12"]
[Round "5"]
[White "Legare, Gilles"]
[Black "Laurin, Marcel"]
[Result "0-1"]
[WhiteElo "1065"]
[BlackElo "1585"]
[PlyCount "54"]
[GameId "2160767909382090"]
[EventDate "2013.01.15"]
[EventType "swiss"]
[EventRounds "5"]
[EventCountry "CAN"]
[SourceTitle "EXT 2022"]
[Source "ChessBase"]
[SourceDate "2021.10.06"]
[SourceVersion "1"]
[SourceVersionDate "2021.10.06"]
[SourceQuality "1"]

1. e3 f5 2. g3 Nf6 3. b3 e5 4. Bg2 d5 5. Bb2 Bd6 6. a3 c6 7. d3 Be6 8. Nd2 e4 9. dxe4 fxe4 10. Bh3 Qe7 11. Bxe6 Qxe6 12. Ne2 O-O 13. Bxf6 Rxf6 14. Nd4 Qh3 15. Qe2 Nd7 16. c4 Nc5 17. Kd1 Nd3 18. f4 Rd8 19. f5 Be5 20. Nf1 dxc4 21. bxc4 c5 22. Kc2 cxd4 23. Nd2 dxe3 24. Raf1 exd2 25. Qxd2 Rfd6 26. Qg5 Qg2+ 27. Kb1 Qb2# 0-1

[Event "Quebec Elite qual."]
[Site "Gatineau CAN"]
[Date "2013.02.12"]
[Round "5"]
[White "Raymond, Daniel"]
[Black "Scantland, Patrick"]
[Result "1/2-1/2"]
[WhiteElo "1545"]
[BlackElo "1909"]
[PlyCount "125"]
[GameId "2160767909382091"]
[EventDate "2013.01.15"]
[EventType "swiss"]
[EventRounds "5"]
[EventCountry "CAN"]
[SourceTitle "EXT 2022"]
[Source "ChessBase"]
[SourceDate "2021.10.06"]
[SourceVersion "1"]
[SourceVersionDate "2021.10.06"]
[SourceQuality "1"]

1. e4 c5 2. Nf3 d6 3. d4 cxd4 4. Nxd4 Nf6 5. Nc3 a6 6. Be2 e5 7. Nb3 Be7 8. Be3 Be6 9. f3 O-O 10. Nd5 Bxd5 11. exd5 b5 12. c4 bxc4 13. Bxc4 Nbd7 14. O-O Nb6 15. Bxb6 Qxb6+ 16. Kh1 a5 17. Rb1 Rfc8 18. Qd3 a4 19. Nd2 g6 20. b3 axb3 21. Bxb3 Qa7 22. Rbe1 Nd7 23. f4 Nc5 24. Qf3 Nxb3 25. Nxb3 exf4 26. Qxf4 f5 27. Qe3 Qxe3 28. Rxe3 Bf6 29. Re2 Rc3 30. Rd1 Be5 31. g3 Ra4 32. Rdd2 Kf7 33. Rc2 Rac4 34. Rxc3 Rxc3 35. Rd2 Kf6 36. Kg2 Rc4 37. Na5 Ra4 38. Nc6 Ra3 39. Re2 Rd3 40. Nb4 Rd4 41. a3 Rd1 42. Ra2 Bc3 43. Nc6 Rxd5 44. a4 Rc5 45. Na7 d5 46. Nb5 d4 47. Nxc3 dxc3 48. Rc2 Ke6 49. Kf3 g5 50. Ke3 h5 51. Kd3 Ra5 52. Ra2 Rc5 53. Rc2 h4 54. Rxc3 Rd5+ 55. Ke2 hxg3 56. hxg3 Ra5 57. Ra3 Kd5 58. Kd3 Kc5 59. Rc3+ Kb4 60. Rc4+ Kb3 61. Rd4 Rxa4 62. Rxa4 Kxa4 63. Kd4 1/2-1/2

[Event "Quebec op"]
[Site "Montreal CAN"]
[Date "2013.07.21"]
[Round "1"]
[White "Arencibia Rodriguez, Walter"]
[Black "Hamilton, Robert"]
[Result "1/2-1/2"]
[WhiteElo "2526"]
[BlackElo "2251"]
[PlyCount "132"]
[GameId "2160767739316925"]
[EventDate "2013.07.21"]
[EventType "swiss"]
[EventRounds "9"]
[EventCountry "CAN"]

1. d4 Nf6 2. c4 e6 3. Nc3 Bb4 4. e3 b6 5. Bd3 Bb7 6. Nf3 Ne4 7. Qc2 f5 8. O-O Bxc3 9. bxc3 O-O 10. Nd2 Qh4 11. f3 Nxd2 12. Bxd2 Nc6 13. Rae1 Qf6 14. e4 d6 15. f4 Rae8 16. exf5 exf5 17. Bxf5 g6 18. Bh3 Na5 19. Qa4 Bc6 20. Qb4 Be4 21. d5 Bf5 22. Bxf5 Qxf5 23. Qb5 Re4 24. Rxe4 Qxe4 25. Qd7 Nxc4 26. Bc1 Qxd5 27. Qxc7 Rf7 28. Qd8+ Kg7 29. f5 Rxf5 30. Qe7+ Kg8 31. Qd8+ Kg7 32. Qc7+ Kg8 33. Qb8+ Kg7 34. Qxa7+ Kf6 35. Bf4 Qc5+ 36. Kh1 Ne3 37. Rf3 Qd5 38. Qa4 Nxg2 39. Kxg2 g5 40. Bxg5+ Kxg5 41. h4+ Kh6 42. Qg4 Qxa2+ 43. Kg3 Rxf3+ 44. Qxf3 Qe6 45. Qc6 Qe5+ 46. Kg2 Kh5 47. Qxb6 Kxh4 48. Qf2+ Kg5 49. Qd2+ Qf4 50. Qd5+ Kf6 51. Qa8 h6 52. c4 Kf5 53. Qd5+ Qe5 54. Qf3+ Kg5 55. Qd3 h5 56. Qd2+ Qf4 57. Qd5+ Qe5 58. Qd2+ Kf5 59. Kh3 Ke4 60. Kg2 h4 61. Qe2+ Kd4 62. Qf2+ Kd3 63. Qf3+ Kxc4 64. Qc6+ Kd4 65. Qb6+ Ke4 66. Qb7+ Kf4 {...} 1/2-1/2

[Event "Quebec op"]
[Site "Montreal CAN"]
[Date "2013.07.21"]
[Round "1"]
[White "Beaulieu, Pierre"]
[Black "Luksza, Arkadiusz"]
[Result "1-0"]
[WhiteElo "1954"]
[BlackElo "2116"]
[PlyCount "73"]
[GameId "2160767909296914"]
[EventDate "2013.07.21"]
[EventType "swiss"]
[EventRounds "9"]
[EventCountry "CAN"]
[SourceTitle "EXT 2022"]
[Source "ChessBase"]
[SourceDate "2021.10.06"]
[SourceVersion "1"]
[SourceVersionDate "2021.10.06"]
[SourceQuality "1"]

1. b3 d5 2. Bb2 e6 3. e3 Nf6 4. f4 c5 5. Nf3 Nc6 6. Bb5 Qb6 7. Bxc6+ Qxc6 8. O-O Be7 9. d3 O-O 10. Nbd2 b5 11. Ne5 Qc7 12. Ndf3 c4 13. Bd4 Ne8 14. Ng5 f6 15. Qh5 fxg5 16. fxg5 Nd6 17. g4 Nf5 18. g6 h6 19. gxf5 exf5 20. Nf7 a5 21. Rxf5 Bxf5 22. Qxf5 Ra6 23. Nxh6+ Kh8 24. Qh5 Rxg6+ 25. Qxg6 Bc5 26. Nf5 Bxd4 27. exd4 Rf6 28. Qh5+ Kg8 29. Re1 g6 30. Re8+ Kf7 31. Qh7+ Kxe8 32. Qxc7 gxf5 33. Qxa5 cxd3 34. Qxb5+ Kf8 35. Qxd3 f4 36. c4 f3 37. Kf2 1-0

[Event "Quebec op"]
[Site "Montreal CAN"]
[Date "2013.07.21"]
[Round "1"]
[White "Berube, Antoine"]
[Black "Kiewra, Keaton F"]
[Result "0-1"]
[WhiteElo "2174"]
[BlackElo "2422"]
[PlyCount "56"]
[GameId "2160767909296915"]
[EventDate "2013.07.21"]
[EventType "swiss"]
[EventRounds "9"]
[EventCountry "CAN"]
[SourceTitle "EXT 2014"]
[Source "ChessBase"]
[SourceDate "2013.11.20"]
[SourceVersion "1"]
[SourceVersionDate "2013.11.20"]
[SourceQuality "1"]

1. d4 Nf6 2. c4 g6 3. Nc3 Bg7 4. e4 O-O 5. Be3 d6 6. f3 Nc6 7. Nge2 a6 8. Qd2 Rb8 9. Rb1 b5 10. cxb5 axb5 11. b4 Bd7 12. Nc1 e5 13. d5 Ne7 14. Be2 c6 15. dxc6 Bxc6 16. O-O d5 17. exd5 Nfxd5 18. Nxd5 Nxd5 19. Bc5 Re8 20. Nb3 Nf4 21. Qxd8 Nxe2+ 22. Kf2 Rbxd8 23. Kxe2 e4 24. f4 e3 25. g3 Bd5 26. Rfd1 Bc4+ 27. Kf3 Rxd1 28. Rxd1 e2 0-1

[Event "Quebec op"]
[Site "Montreal CAN"]
[Date "2013.07.21"]
[Round "1"]
[White "Cardin, Guillaume"]
[Black "Gilbert, Erick"]
[Result "1-0"]
[WhiteElo "2050"]
[BlackElo "1860"]
[PlyCount "67"]
[GameId "2160767909296917"]
[EventDate "2013.07.21"]
[EventType "swiss"]
[EventRounds "9"]
[EventCountry "CAN"]
[SourceTitle "EXT 2022"]
[Source "ChessBase"]
[SourceDate "2021.10.06"]
[SourceVersion "1"]
[SourceVersionDate "2021.10.06"]
[SourceQuality "1"]

1. d4 Nf6 2. c4 d5 3. cxd5 Nxd5 4. Nf3 e6 5. e4 Nf6 6. Nc3 Bd7 7. Qb3 b6 8. Ne5 Be7 9. Bc4 O-O 10. O-O a5 11. Rd1 Qc8 12. Bg5 a4 13. Qc2 Ra5 14. Bxf6 Bxf6 15. Nxd7 Nxd7 16. e5 Be7 17. Bb5 a3 18. bxa3 Rxa3 19. Ba4 c6 20. Nb1 Rxa4 21. Qxa4 Qb7 22. Nc3 Ra8 23. Qc2 b5 24. Ne4 Nb6 25. Rd3 Ra4 26. Rg3 Rxd4 27. Nf6+ Bxf6 28. exf6 g6 29. Rd1 Rxd1+ 30. Qxd1 Nd5 31. Rf3 Qa7 32. Qd2 Qa4 33. g3 Qe4 34. Qh6 1-0